| 000 | 00442nam a2200157Ia 4500 | ||
|---|---|---|---|
| 008 | 220204s9999 xx 000 0 und d | ||
| 082 |
_a575 _bMAR |
||
| 100 | _aMARKERT, Clement L | ||
| 245 | 0 | _aDevelopmental genetics | |
| 260 |
_aNew Delhi _bPrentice Hall _c1974 |
||
| 490 | _aFoundations of developmental biology series | ||
| 650 | _aGenetics | ||
| 650 | _aNucleo cytoplasmic interaction | ||
| 700 | _aURSPRUNG, Heinrich | ||
| 942 | _cBK | ||
| 999 |
_c23610 _d23610 |
||